000 00235nam a2200109 4500
001 16464
090 _a16464
100 _a20260129 pory50
200 _aA voz lĂ­rica do Alentejo
215 _avol 1
801 _aPT
_bBMA
_gRPC
990 _cLIVROS